| 000 | 00000nam##2200000za#4500 |
| 001 | 9.640504 |
| 003 | CaOODSP |
| 005 | 20210624222714 |
| 007 | cr ||||||||||| |
| 008 | 150407|2000||||xxc|||||o f|0| 0 fre|d |
| 040 | |aCaOODSP|bfre |
| 043 | |an-cn--- |
| 086 | 1 |aMR21-24/2000F-PDF |
| 110 | 1 |aCanada.|bConseil de recherches médicales du Canada. |
| 245 | 13|aLe chemin à parcourir-- adieu au CRM, bienvenu à IRSC : |h[ressource électronique]|bavis au conseil d'administration d'Instituts de recherche en santé du Canada |
| 260 | |aOttawa - Ontario : |bConseil de recherches médicales du Canada |cMai 2000. |
| 300 | |a13p.|bgraphique, tableau, photographies, figures |
| 590 | |a12-31-Supp|b2012-07-06 |
| 691 | 07|aRecherche médicale|2gcpds |
| 775 | 08|tThe road ahead-- adieu to MRC, welcome CIHR : |w(CaOODSP)9.696388 |
| 776 | 0#|tThe road ahead: adieu to MRC, welcome CIHR : |w(CaOODSP)9.662261 |
| 776 | 0#|tLe chemin à parcourir: adieu au CRM, bienvenu à IRSC : |w(CaOODSP)9.662262 |
| 856 | 40|ahttp://publications.gc.ca|qPDF|s487 Ko|uhttps://publications.gc.ca/collections/Collection/MR21-24-2000F.pdf |